Регионална библиотека "Любен Каравелов" - Русе

Monstergeschichten (Запис номер 323136)

MARC детайли
000 -Лидер
Контролно поле с фиксирана дължина nam a22 ab4500
003 - Код на организацията, давaща контролен номер
Контролно поле BLK
005 - Дата и час на последна редакция
Контролно поле 20180817143440.0
008 - Елементи от данни с фиксирана дължина
fixed length control field 180817b bul||||| |||| 00| 0 bul d
020 ## - Международен стандартен номер на книга ISBN
Международен стандартен номер на книга ISBN 978-3-473-38542-3
040 ## - Източник на каталожния запис
Идентификатор на билиотеката - собственик на записа BLK
041 ## - Код за език
Код за езика на текст/звукозапис или на отделно заглавие Немски
Код за езика КДБФ Немски
080 ## - УДК
Текстов определител УДК Немска литература
УДК код - определител по УДК 821.112.2
УДК определител -93
УДК - код + определител 821.112.2-93
100 ## - Редна дума - Автор
Автор Neudert, Cornelia
139 ## - Редно поле
Авторски знак Neu - N 48
245 ## - Сведения за заглавието
Заглавие Monstergeschichten
Редно поле (дума) Cornelia Neudert, Ill. Betina Gotzen-Beek
260 ## - Област на издателските данни
Име на издателя, разпространителя и проч. Ravensburger
Година на издаване 2017
Място на издаване, разпространение и проч. Ravensburg
300 ## - Физическа характеристика
Страници 44 c.
Илюстрации и др. с ил.
Размери/Мащаб 24 см.
380 ## - Жанр
Жанр Детска худож. лит.
490 ## - СЕРИИ (Колекции)
9 (RLIN) 207168
Име на серия Leserabe
Бележки за серията 1. Lesestufe
700 ## - Други автори (авторска отговорност)
9 (RLIN) 599
Лично име Gotzen-Beek, Betina
Автороска отговорност (Описва отношението между автора и произведението) ил.
852 ## - Местоположение
Систематично-азбучна сигнатура Ч5 830-93/N 48
999 ## - СИСТЕМНИ КОНТРОЛНИ НОМЕРА
Koha biblionumber 323136
Koha biblioitemnumber 323136
942 ## - АРТИКУЛИ
Вид на библиотечния материал Книги
Източник на класификационната схема Universal Decimal Classification
Скрит в OPAC Не
999 ## - СИСТЕМНИ КОНТРОЛНИ НОМЕРА
Koha biblioitemnumber 323136
Наличности
Код за отписване Код за изгубен артикул Източник на класификационната схема Код за повреда Коз за рестрикции Код за отдаване Артикулен № Име на библиотеката - собственик Име на библиотеката, в която се намира в момента Статус (Текущо местоположение) Дата на вписване в системата Местоположение - отдел Цена в лева Инвентарен номер Систематично азбучна сигнатура Баркод Цена в евро Служебен тип на артикула
  Не е изгубен Universal Decimal Classification Не е повреден без рестрикции заемане за дома 677894 Регионална библиотека "Любен Каравелов" Русе Регионална библиотека "Любен Каравелов" Русе ЧЧЗО - нем. ез. - Гьоте инст. 2018-06-22 ЧЧЗО - нем. ез. - Гьоте инст. 9.68 120000907099 Ч5 830-93/N 48 120000907099 4.95 Книги
Vip Innovations Ltd, Rousse, Bulgaria 2025